2018-19 Review of Facilities for Low-Income Countries : Reform Proposals -- Review Of The Financing Of The Fund's Concessional Assistance And Debt Relief To Low-Income Member Countries.

2018-19 Review of Facilities for Low-Income Countries---Reform Proposals: Review Of The Financing Of The Fund's Concessional Assistance And Debt Relief To Low-Income Member Countries.

التفاصيل البيبلوغرافية
مؤلف مشترك: International Monetary Fund. Strategy, Policy, and Review Department
التنسيق: دورية
اللغة:English
منشور في: Washington, D.C. : International Monetary Fund, 2019.
سلاسل:Policy Papers; Policy Paper ; No. 2019/014
الوصول للمادة أونلاين:Full text available on IMF
LEADER 01374cas a2200241 a 4500
001 AALejournalIMF019393
008 230101c9999 xx r poo 0 0eng d
020 |c 5.00 USD 
020 |z 9781498318716 
022 |a 2663-3493 
040 |a BD-DhAAL  |c BD-DhAAL 
110 2 |a International Monetary Fund.  |b Strategy, Policy, and Review Department. 
245 1 0 |a 2018-19 Review of Facilities for Low-Income Countries :   |b Reform Proposals -- Review Of The Financing Of The Fund's Concessional Assistance And Debt Relief To Low-Income Member Countries. 
264 1 |a Washington, D.C. :  |b International Monetary Fund,  |c 2019. 
300 |a 1 online resource (169 pages) 
490 1 |a Policy Papers 
500 |a <strong>Off-Campus Access:</strong> No User ID or Password Required 
500 |a <strong>On-Campus Access:</strong> No User ID or Password Required 
506 |a Electronic access restricted to authorized BRAC University faculty, staff and students 
520 3 |a 2018-19 Review of Facilities for Low-Income Countries---Reform Proposals: Review Of The Financing Of The Fund's Concessional Assistance And Debt Relief To Low-Income Member Countries. 
538 |a Mode of access: Internet 
830 0 |a Policy Papers; Policy Paper ;  |v No. 2019/014 
856 4 0 |z Full text available on IMF  |u http://elibrary.imf.org/view/journals/007/2019/014/007.2019.issue-014-en.xml  |z IMF e-Library